Obchod EÚ s Emirátmi rastie
SR sa rozhodla v roku 2026 podporiť podnikateľov v exporte. Obchod medzi EÚ a Emirátmi rastie dvojciferným tempom a slovenské firmy už od začiatku 2026 môžu naplno využiť mechanizmy štátnej podpory na prienik do tohto regiónu. Základným pilierom je memorandum o spolupráci medzi Eximbankou SR a Slova...
Gespeichert in:
| 1. Verfasser: | |
|---|---|
| Format: | Buchkapitel |
| Sprache: | Slowakisch |
| Schlagworte: | |
| Tags: |
Keine Tags, Fügen Sie das erste Tag hinzu!
|
MARC
| LEADER | 00000naa a2200000 4500 | ||
|---|---|---|---|
| 001 | 0315310 | ||
| 005 | 20260306132115.0 | ||
| 041 | 0 | |a slo | |
| 044 | |a SK | ||
| 245 | 1 | 0 | |a Obchod EÚ s Emirátmi rastie |c Gabriela Alenová |
| 520 | |a SR sa rozhodla v roku 2026 podporiť podnikateľov v exporte. Obchod medzi EÚ a Emirátmi rastie dvojciferným tempom a slovenské firmy už od začiatku 2026 môžu naplno využiť mechanizmy štátnej podpory na prienik do tohto regiónu. Základným pilierom je memorandum o spolupráci medzi Eximbankou SR a Slovak Business Council v Dubaji. | ||
| 610 | 2 | 0 | |a partnerstvo strategické |
| 610 | 2 | 0 | |a spolupráca hospodárska medzinárodná |
| 610 | 2 | 0 | |a vývoz |
| 610 | 2 | 0 | |a podpora podnikania |
| 610 | 2 | 0 | |a vzťahy obchodné |
| 610 | 2 | 0 | |a Európska únia |
| 610 | 2 | 0 | |a Spojené Arabské Emiráty |
| 100 | 1 | |a Alenová, Gabriela | |